Barbatanar nas cores do arco-íris (Registo nº 23658)

Detalhes MARC
000 -Etiqueta do registo
Valores 00568nam a22002051i 4500
010 ## - Número ISBN
ISBN 9789898377081
090 ## -
-- 23658
100 ## - Dados gerais de processamento
Dados gerais 20170304u u u0frey50 ba
101 0# - Língua de publicação
-- por
200 1# - Titulo e menção de responsabilidade
Primeira menção de responsabilidade Carlos Canhoto
Título próprio Barbatanar nas cores do arco-íris
210 ## - Publicação
Nome do editor Grácio Editor
Local de publicação Coimbra
Data de publicação 2010
215 ## - Descrição física 
Paginação / Volumes 47, [1] p.
Outras indicações físicas il.
Dimensões 21 cm
300 ## - Notas gerais 
Texto da nota Ler + Plano Nacional de Leitura
606 ## - Nome comum usado como assunto
ID Autoridade 187
Palavra de ordem Histórias para crianças
675 ## - CDU
Notação 8:087.5
-- 69
700 #1 - Autor principal (pessoa individual)
Apelido Canhoto
Nome Carlos
-- 070
Datas 1961-
702 #1 - Autor secundário (pessoa individual)
Apelido Marc
-- 440
Datas 1976-
801 ## - Fonte de origem
País PT
Regras de catalogação RPC
990 ## - Elementos KOHA
Tipo de documento Livro
Exemplares
Situação do levantamento Estado Biblioteca de origem Biblioteca de empréstimo Código de barras Cota Permissão de empréstimo Tipo de documento Nota relativa ao exemplar
  Completo Biblioteca Municipal de Viana Do Alentejo Biblioteca Municipal de Viana Do Alentejo 0029831 8 CAN Disponível Livro 6-10 anos
  Completo Biblioteca Municipal de Viana Do Alentejo Biblioteca Municipal de Viana Do Alentejo Pólo Aguiar 0029723 8 CAN Disponível Livro 6-10 anos
  Completo Biblioteca Municipal de Viana Do Alentejo Pólo Alcáçovas Biblioteca Municipal de Viana Do Alentejo Pólo Alcáçovas 0028688 8 CAN Disponível Livro 6-10 anos




Powered by Koha